000 00300nam a22001337a 4500
008 171202b xxu||||| |||| 00| 0 eng d
020 _a9780446552301
041 _aeng
080 _a32
100 _a18
101 _aSHP
245 _aTHE BIBLE OF UNSPEAKABLE TRUTHS
_cGUTFELD, G
942 _2udc
_cBK
999 _c38753
_d38753